[Event "Brno op 5th"]
[Site "Brno"]
[Date "2014.11.16"]
[Round "2"]
[White "Bartos, Jan"]
[Black "Gentsch, Peter"]
[Result "1/2-1/2"]
[WhiteElo "2194"]
[BlackElo "1956"]
[PlyCount "54"]
[EventDate "2014.11.15"]
[EventType "swiss"]
[EventRounds "9"]
[EventCountry "CZE"]
[SourceTitle "CBM 163 Extra"]
[Source "ChessBase"]
[SourceDate "2014.12.23"]
[SourceVersion "1"]
[SourceVersionDate "2014.12.23"]
[SourceQuality "1"]

1. d4 Nf6 2. c4 e6 3. Nf3 Bb4+ 4. Bd2 Bxd2+ 5. Qxd2 d5 6. Nc3 0-0 7. e3 c6 8. cxd5 exd5 9. Bd3 Nbd7 10. 0-0 Re8 11. Qc2 Nf8 12. h3 Ng6 13. b4 a6 14. a4 Qd6 15. Rab1 Be6 16. Rfc1 Rec8 17. b5 axb5 18. axb5 c5 19. dxc5 Qxc5 20. Ne2 Qd6 21. Qb2 Nd7 22. Rxc8+ Rxc8 23. Rc1 Rxc1+ 24. Qxc1 Nde5 25. Nxe5 Nxe5 26. Bb1 Nc4 27. Bd3 Qb4 1/2-1/2

[Event "Brno op 5th"]
[Site "Brno"]
[Date "2014.11.15"]
[Round "1"]
[White "Gentsch, Peter"]
[Black "Bata, Jiri"]
[Result "1-0"]
[WhiteElo "1956"]
[BlackElo "1589"]
[PlyCount "83"]
[EventDate "2014.11.15"]
[EventType "swiss"]
[EventRounds "9"]
[EventCountry "CZE"]
[SourceTitle "CBM 163 Extra"]
[Source "ChessBase"]
[SourceDate "2014.12.23"]
[SourceVersion "1"]
[SourceVersionDate "2014.12.23"]
[SourceQuality "1"]

1. d4 d5 2. c4 dxc4 3. Nf3 Nf6 4. e3 e6 5. Bxc4 c5 6. 0-0 Qc7 7. Qe2 a6 8. a4 cxd4 9. exd4 Be7 10. Bg5 0-0 11. Nc3 Rd8 12. Rac1 Nc6 13. Rfd1 Qb6 14. Be3 Qa5 15. Ba2 Bb4 16. Bb3 Bxc3 17. bxc3 Qc7 18. Bg5 Kh8 19. Bc2 Rg8 20. Qd3 Ne7 21. Bxf6 Ng6 22. Be5 Qa5 23. h4 f5 24. h5 Nxe5 25. Nxe5 Qc7 26. Bb3 Rf8 27. Qh3 Rf6 28. c4 b6 29. Rd2 Bb7 30. Bd1 b5 31. Qb3 bxa4 32. Qxa4 Rd8 33. Qb3 Rb8 34. Qc3 Rc8 35. Bf3 Rh6 36. Rb2 Bxf3 37. Qxf3 Kg8 38. Rb7 Qa5 39. Qg3 g6 40. hxg6 Rc7 41. Rb8+ Kg7 42. gxh7+ 1-0